Camera in the sky (Record no. 194787)
[ view plain ]
| 000 -LEADER | |
|---|---|
| fixed length control field | 00705 a2200169 4500 |
| 003 - CONTROL NUMBER IDENTIFIER | |
| control field | Nust |
| 005 - DATE AND TIME OF LATEST TRANSACTION | |
| control field | 20170207154203.0 |
| 040 ## - CATALOGING SOURCE | |
| Transcribing agency | Nust |
| 082 ## - DEWEY DECIMAL CLASSIFICATION NUMBER | |
| Classification number | 629.130942 |
| 100 ## - MAIN ENTRY--PERSONAL NAME | |
| Personal name | Sims, Charles A. |
| 245 ## - TITLE STATEMENT | |
| Title | Camera in the sky |
| Statement of responsibility, etc. | Charles A. Sims |
| 260 ## - PUBLICATION, DISTRIBUTION, ETC. | |
| Place of publication, distribution, etc. | London |
| Name of publisher, distributor, etc. | Temple Press |
| Date of publication, distribution, etc. | 1958 |
| 300 ## - PHYSICAL DESCRIPTION | |
| Extent | 217 p. |
| 505 ## - FORMATTED CONTENTS NOTE | |
| Formatted contents note | With The RAF In The Middle East (Page-1), Photography In Peace And War (Page-21), Test Flights And Test Pilots (Page-41), Formatting Flying (Page-66), Air Exercises (Page-83), Naval Occasions (Page-99), Display Flying And Air Reviews (Page-135), Air Racing And Competitions (Page-159), Airline Excursions (Page-183). |
| 538 ## - SYSTEM DETAILS NOTE | |
| System details note | Almirah No. 134 and Shelf No. 1 |
| 650 ## - SUBJECT ADDED ENTRY--TOPICAL TERM | |
| Topical term or geographic name entry element | Photography |
| 942 ## - ADDED ENTRY ELEMENTS (KOHA) | |
| Source of classification or shelving scheme | |
| Koha item type | Book |
| Withdrawn status | Lost status | Source of classification or shelving scheme | Damaged status | Not for loan | Collection code | Permanent Location | Current Location | Date acquired | Total Checkouts | Full call number | Barcode | Date last seen | Price effective from | Koha item type |
|---|---|---|---|---|---|---|---|---|---|---|---|---|---|---|
| Military College of Signals (MCS) | Military College of Signals (MCS) | 12/12/2016 | 629.130942 SIM | MCS36492 | 12/08/2016 | 12/12/2016 | Book |
